01428nam a2200337Ia 4500001001200000003000800012006001900020007001500039008004100054010001700095020001800112020001500130040002100145035002100166050002500187245008700212260005500299300003600354500010300390504005100493533015200544650002700696650003000723655002900753700001800782710007600800710005400876710001700930856012600947999001701073ebr10236600CaPaEBRm u cr cn|||||||||001027s2001 enkaf sb 001 0 eng d z 00052912  z9780632040278 z0632040270 aCaPaEBRcCaPaEBR a(OCoLC)60862295414aTA660.S3bL55 2001eb00aLightweight sandwich constructionh[electronic resource] /cedited by J.M. Davies. aOxford ;aMalden, MA :bBlackwell Science,cc2001. axiv, 370 p. :bill. (some col.) a"Published on behalf of CIB Working Commission, W056 Sandwich Panels (joint CIB-ECCS commission)." aIncludes bibliographical references and index. aElectronic reproduction.bPalo Alto, Calif. :cebrary,d2009.nAvailable via World Wide Web.nAccess may be limited to ebrary affiliated libraries. 0aSandwich construction. 0aLightweight construction. 7aElectronic books.2local1 aDavies, J. M.2 aInternational Council for Building Research, Studies and Documentation.2 aEuropean Convention for Constructional Steelwork.2 aebrary, Inc.40uhttp://site.ebrary.com/lib/rucke/Doc?id=10236600zAn electronic book accessible through the World Wide Web; click to view c36492d36492